00402nam a22001457a 450000500170000001000130001702000260003002000230005603500130007903700120009208200100010424500810011426000450019530000160024020110509124824.0 aB-425598 a9780195672435c675.00 a0195672437c675.00 aB-425598 bRBC/VEN a320.1 aExperiencing the state /cedited by Lloyd I. Rudolph and John Kurt Jacobsen. aNew DelhibOxford University Pressc2006 axxix, 382p.